000 00318nam a2200133Ia 4500
008 191201s2004 xx 000 0 und d
082 _a621.382
_bNAE
100 _aNAGRATH, I J
245 0 _aElectronics Analog and Digital
260 _aN.Delhi
_bPHI
_c2004
300 _a735
650 _aB.Tech(ECE)
942 _2ddc
_cBK
999 _c1343
_d1343